| 000 | 00846nam a2200229 a 4500 | ||
|---|---|---|---|
| 005 | 20231128063736.0 | ||
| 008 | 991125s1982 mx 000 0 spa u | ||
| 020 | _a9688005940 | ||
| 035 | _aUPN01000051522 | ||
| 049 | _aSEP | ||
| 050 | 4 |
_aLC2631 _bE7 no.46 |
|
| 100 | 1 |
_aRomualdo Hernández, Joaquín _942974 |
|
| 245 | 1 | 0 |
_aRelaciones políticas entre indígenas y mestizos en Xochiatipán, Hgo. / _cJoaquín Romualdo Hernández. |
| 260 |
_aMéxico : _bINI : _bSEP, _c1982. |
||
| 300 | _a249 p. | ||
| 440 | 0 |
_aEtnolingüística ; _v46 |
|
| 500 | _aA la cabeza de la portada: Programa de Formación Profesional de Etnolingüística. SEP. INI, CIESA | ||
| 500 | _aPrograma presentado originalmente como tesis | ||
| 650 | 4 |
_aIndígenas de México _xEducación _910 |
|
| 651 | 4 |
_aXOCHIATIPAN, HGO. - _xVIDA SOCIAL Y COSTUMBRES |
|
| 905 | _aLibro | ||
| 999 |
_c51522 _d51522 |
||